| 000 | 00690nam a2200181Ia 4500 | ||
|---|---|---|---|
| 999 |
_c2653 _d2653 |
||
| 003 | DO-SdBJH | ||
| 005 | 20180416173852.0 | ||
| 008 | 180414s9999 dr 000 0 spa d | ||
| 040 |
_aDO-SdBJH _bspa _cDO-SdBJH |
||
| 090 | _aDM FM 21-26 1987 | ||
| 110 | _aInstituto de Cooperación para la Seguridad Hemisférica | ||
| 245 | 1 | 0 | _aFM 21-26: Lectura de mapas y navegación terrestre / Instituto de Cooperación para la Seguridad Hemisférica |
| 260 | _aFuerte Benning, Georgia : Cuartel General Secretaría del Ejército, 1987 | ||
| 300 | _avi, 184 páginas en varias paginaciones | ||
| 504 | _aIncluye apéndices | ||
| 650 | 4 | _aMapas y navegación terrestre -- Lectura | |
| 942 |
_2ddc _cBK |
||